500 самых известных людей в мире по версии MIT Pantheon 2022 - Statistics

General Stats
  • This quiz has been taken 135 times
  • The average score is 90 of 500
Answer Stats
Деятельность Годы жизни Место рождения Личность % Correct
251 Киноактёр 1940 - 1973 США Брюс Ли
94%
57 Спортсмен-боксёр 1942 - 2016 США Мухаммед Али
91%
411 Религиозный деятель 626 - 680 Саудовская Аравия Хусейн ибн Али
91%
14 Политик 1889 - 1945 Австрия Адольф Гитлер
90%
1 Религиозный деятель 4 до н.э. - 33 Израиль Иисус Христос
86%
65 Политик 1952 - ... Россия Владимир Путин
84%
5 Изобретатель 1452 - 1519 Италия Леонардо да Винчи
82%
103 Писатель 1809 - 1849 США Эдгар Алан По
81%
337 Писатель 1799 - 1837 Россия Александр Пушкин
80%
4 Военачальник 1162 - 1227 Монголия Чингисхан
78%
49 Политик 1870 - 1924 Россия Владимир Ленин
78%
17 Учёный-физик 1879 - 1955 Германия Альберт Эйнштейн
76%
15 Композитор 1756 - 1791 Австрия Вольфганг Амадей Моцарт
73%
12 Политик 1769 - 1821 Франция Наполеон Бонапарт
71%
276 Политик 1808 - 1873 Франция Наполеон III
71%
3 Учёный-физик 1643 - 1727 Великобритания Исаак Ньютон
70%
6 Учёный-философ 384 - 322 до н.э. Греция Аристотель
70%
16 Исследователь 1451 - 1506 Италия Христофор Колумб
69%
197 Политик 1672 - 1725 Россия Пётр Великий
68%
305 Политик 1732 - 1799 США Джордж Вашингтон
68%
19 Политик 100 - 44 до н.э. Италия Гай Юлий Цезарь
67%
20 Композитор 1685 - 1750 Германия Иоганн Себастьян Бах
65%
242 Знать 1837 - 1898 Германия Елизавета Австрийская
65%
89 Политик 1533 - 1603 Великобритания Елизавета I Английская
65%
45 Знать 1926 - 2022 Великобритания Елизавета II
65%
2 Религиозный деятель 570 - 632 Саудовская Аравия Мухаммед
62%
37 Политик 1879 - 1953 Грузия Иосиф Сталин
62%
118 Политик 1931 - 2022 Россия Михаил Горбачёв
62%
312 Политик 1906 - 1982 Украина Леонид Брежнев
60%
8 Композитор 1770 - 1827 Германия Людвиг ван Бетховен
59%
41 Изобретатель 1856 - 1943 Хорватия Никола Тесла
58%
115 Писатель 1828 - 1910 Россия Лев Толстой
58%
126 Космонавт 1934 - 1968 Россия Юрий Гагарин
58%
229 Знать 1729 - 1796 Польша Екатерина Великая
57%
425 Знать 1485 - 1536 Испания Екатерина Арагонская
57%
426 Религиозный деятель 287 - 305 Египет Екатерина Александрийская
57%
207 Преступник 1850 - неизвестно неизвестно Джек-потрошитель
56%
213 Политик 1894 - 1971 Россия Никита Хрущёв
56%
13 Философ 470 - 399 до н.э. Греция Сократ
55%
273 Политик 1530 - 1584 Россия Иван Грозный
55%
138 Учёный-химик 1834 - 1907 Россия Дмитрий Менделеев
53%
48 Политик 69 - 30 до н.э. Египет Клеопатра
52%
239 Композитор 1840 - 1893 Россия Пётр Чайковский
52%
244 Политик 1917 - 1963 США Джон Кеннеди
52%
125 Религиозный деятель 270 - 342 Турция Святой Николай
51%
238 Политик 1868 - 1918 Россия Николай II Российский
51%
206 Политик 1931 - 2007 Россия Борис Ельцин
49%
47 Художник 1853 - 1890 Нидерланды Винсент ван Гог
48%
442 Изобретатель 1971 - ... ЮАР Илон Маск
48%
10 Военачальник 356 - 323 до н.э. Греция Александр Македонский
47%
100 Политик 1874 - 1965 Великобритания Уинстон Черчилль
47%
106 Политик 1341 - 1323 до н.э. Египет Тутанхамон
47%
69 Писатель 1821 - 1881 Россия Фёдор Достоевский
46%
139 Спортсмен-футболист 1940 - 2022 Бразилия Пеле
46%
148 Политик 1809 - 1865 США Авраам Линкольн
46%
160 Космонавт 1930 - 2012 США Нил Армстронг
46%
277 Политик 1942 - ... США Джо Байден
46%
7 Учёный-философ 427 - 347 до н.э. Греция Платон
45%
32 Художник 1475 - 1564 Италия Микеланджело
44%
62 Художник 1881 - 1973 Испания Пабло Пикассо
44%
23 Учёный-философ 551 - 479 до н.э. Китай Конфуций
43%
36 Писатель 1564 - 1616 Великобритания Уильям Шекспир
43%
29 Учёный-философ 570 - 495 до н.э. Греция Пифагор
42%
38 Религиозный деятель 566 - 452 до н.э. Непал Будда Шакьямуни
42%
70 Общественный деятель 1869 - 1948 Индия Махатма Ганди
42%
131 Художник 1904 - 1989 Испания Сальвадор Дали
42%
198 Политик 1882 - 1945 США Франклин Рузвельт
42%
488 Общественный деятель 1884 - 1962 США Элеонора Рузвельт
42%
26 Учёный-астроном 1473 - 1543 Польша Николай Коперник
41%
104 Политик 1883 - 1945 Италия Бенито Муссолини
41%
233 Писатель 1929 - 1945 Германия Анна Франк
41%
423 Изобретатель 1863 - 1947 США Генри Форд
41%
21 Религиозный деятель 1483 - 1546 Германия Мартин Лютер
40%
28 Писатель 800 - 750 до н.э. Греция Гомер
40%
60 Религиозный деятель 5 - 66 Турция Апостол Павел
40%
128 Политик 1893 - 1976 Китай Мао Цзэдун
39%
11 Учёный-астроном 1564 - 1642 Италия Галилео Галилей
38%
268 Поп-музыкант 1958 - 2009 США Майкл Джексон
38%
64 Композитор 1810 - 1849 Польша Фредерик Шопен
37%
79 Медик 460 - 370 до н.э. Греция Гиппократ
37%
40 Учёный-физик 1867 - 1934 Польша Мария Кюри
35%
54 Учёный-психолог 1856 - 1939 Чехия Зигмунд Фрейд
35%
353 Учёный-физик 1859 - 1906 Франция Пьер Кюри
35%
42 Учёный-биолог 1809 - 1882 Великобритания Чарльз Дарвин
34%
59 Политик 748 - 814 Германия Карл Великий
33%
241 Религиозный деятель 601 - 661 Саудовская Аравия Али
33%
158 Политик 1500 - 1558 Бельгия Карл V, император Священной Римской Империи
33%
102 Киноактёр 1889 - 1977 Великобритания Чарли Чаплин
32%
157 Киноактёр 1926 - 1962 США Мэрилин Монро
32%
211 Писатель 1860 - 1904 Россия Антон Чехов
32%
24 Учёный-математик 287 - 212 до н.э. Италия Архимед
31%
25 Исследователь 1480 - 1521 Португалия Фернан Магеллан
31%
31 Учёный-экономист 1818 - 1883 Германия Карл Маркс
31%
33 Религиозный деятель 18 до н.э. - 100 Израиль Мария, мать Иисуса
31%
34 Изобретатель 1847 - 1931 США Томас Эдисон
31%
68 Художник 1483 - 1520 Италия Рафаэль
31%
331 Политик 1542 - 1587 Великобритания Мария, королева Шотландии
31%
256 Политик 1516 - 1558 Великобритания Мария I Английская
31%
386 Политик 1662 - 1694 Великобритания Мария II Английская
31%
27 Учёный-экономист 1723 - 1790 Великобритания Адам Смит
30%
201 Политик 1954 - ... Германия Ангела Меркель
30%
262 Политик 1911 - 2004 США Рональд Рейган
30%
72 Общественный деятель 1918 - 2013 ЮАР Нельсон Мандела
29%
202 Общественный деятель 1925 - 1965 США Малкольм Икс
29%
347 Политик 1912 - 1994 КНДР Ким Ир Сен
29%
402 Учёный-физик 1885 - 1962 Дания Нильс Бор
29%
18 Религиозный деятель 1393 - 1273 до н.э. Египет Моисей
28%
170 Регги-музыкант 1945 - 1981 Ямайка Боб Марли
28%
226 Политик 1706 - 1790 США Бенджамин Франклин
28%
257 Политик 1947 - ... США Хиллари Клинтон
28%
329 Соул-музыкант 1942 - 2018 США Арета Франклин
28%
58 Учёный-историк 484 - 425 до н.э. Греция Геродот
27%
110 Политик 1815 - 1898 Германия Отто фон Бисмарк
27%
120 Писатель 1802 - 1885 Франция Виктор Гюго
27%
437 Религиозный деятель неизвестно - 31 Израиль Иуда Искариот
27%
456 Политик 1079 - 1010 до н.э. Израиль Сол
27%
43 Общественный деятель 1928 - 1967 Аргентина Эрнесто Че Гевара
26%
46 Исследователь 1460 - 1524 Португалия Васко да Гама
26%
55 Военачальник 1412 - 1431 Франция Жанна д'Арк
26%
219 Политик 1926 - 2016 Куба Фидель Кастро
26%
82 Учёный-философ 1844 - 1900 Германия Фридрих Ницше
25%
224 Военачальник 1890 - 1970 Франция Шарль де Голль
25%
261 Политик 1942 - 2011 Ливия Муаммар Каддафи
25%
307 Мультипликатор 1901 - 1966 США Уолт Дисней
25%
44 Писатель 1265 - 1321 Италия Данте Алигьери
24%
91 Учёный-химик 1833 - 1896 Швеция Альфред Нобель
24%
109 Художник 1907 - 1954 Мексика Фрида Кало
24%
111 Учёный-физик 1942 - 2018 Великобритания Стивен Хокинг
24%
135 Изобретатель 1955 - 2011 США Стив Джобс
24%
142 Учёный-астроном 1548 - 1600 Италия Джордано Бруно
24%
169 Исследователь 1454 - 1512 Италия Америго Веспуччи
24%
382 Общественный деятель 1910 - 1997 Северная Македония Мать Тереза
24%
39 Учёный-философ 1724 - 1804 Россия Иммануил Кант
23%
52 Религиозный деятель 1936 - 2025 Аргентина Папа Римский Франциск
23%
132 Художник 1840 - 1926 Франция Клод Моне
23%
164 Религиозный деятель 1182 - 1226 Италия Франциск Ассизский
23%
245 Политик 1925 - 2013 Великобритания Маргарет Тэтчер
23%
252 Учёный-философ 1820 - 1895 Германия Фридрих Энгельс
23%
308 Писатель 1802 - 1870 Франция Александр Дюма
23%
398 Политик 1601 - 1643 Франция Людовик XIII Французский
23%
30 Политик 1638 - 1715 Франция Людовик XIV Французский
23%
316 Политик 1710 - 1774 Франция Людовик XV
23%
153 Политик 1754 - 1793 Франция Людовик XVI Французский
23%
53 Политик 63 до н.э. - 14 Италия Октавиан Август
22%
63 Политик 1881 - 1938 Греция Мустафа Кемаль Ататюрк
22%
75 Композитор 1678 - 1741 Италия Антонио Вивальди
22%
168 Писатель 1828 - 1905 Франция Жюль Верн
22%
195 Политик 1879 - 1940 Украина Лев Троцкий
22%
225 Политик 1892 - 1980 Хорватия Иосип Броз Тито
22%
231 Учёный-биолог 1822 - 1884 Чехия Грегор Мендель
22%
275 Оккультист 1869 - 1916 Россия Григорий Распутин
22%
468 Рок-музыкант 1940 - 1980 Великобритания Джон Леннон
22%
499 Политик 1941 - 2011 КНДР Ким Чен Ир
22%
78 Религиозный деятель 1 до н.э. - 67 Израиль Апостол Пётр
20%
81 Политик 1010 - 970 до н.э. Израиль Давид
20%
85 Религиозный деятель 20 до н.э. - 31 Израиль Иоанн Креститель
20%
99 Рок-музыкант 1946 - 1991 Танзания Фредди Меркьюри
20%
129 Композитор 1797 - 1828 Австрия Франц Шуберт
20%
210 Кинорежиссёр 1946 - ... США Стивен Спилберг
20%
278 Писатель 1812 - 1870 Великобритания Чарльз Диккенс
20%
387 Религиозный деятель 6 - 100 Израиль Апостол Иоанн
20%
430 Религиозный деятель 1881 - 1963 Италия Папа Римский Иоанн XXIII
20%
50 Учёный-философ 1712 - 1778 Швейцария Жан-Жак Руссо
19%
74 Учёный-философ 1632 - 1704 Великобритания Джон Локк
19%
116 Писатель 1883 - 1924 Австрия Франц Кафка
19%
145 Композитор 1813 - 1883 Германия Рихард Вагнер
19%
304 Преступник 1949 - 1993 Колумбия Пабло Эскобар
19%
373 Художник 1386 - 1466 Италия Донателло
19%
399 Учёный-биолог 1849 - 1936 Россия Иван Павлов
19%
417 Художник 1832 - 1883 Франция Эдуард Мане
19%
9 Исследователь 1254 - 1324 Италия Марко Поло
18%
51 Политик 1743 - 1826 США Томас Джефферсон
18%
66 Писатель 1749 - 1832 Германия Иоганн Вольфганг фон Гёте
18%
67 Учёный-математик 1623 - 1662 Франция Блез Паскаль
18%
247 Рок-музыкант 1935 - 1977 США Элвис Пресли
18%
255 Изобретатель 1847 - 1922 Великобритания Александр Грэм Белл
18%
280 Политик 1901 - 1989 Япония Хирохито
18%
287 Исследователь 1728 - 1779 Великобритания Джеймс Кук
18%
407 Учёный-философ 1478 - 1535 Великобритания Томас Мор
18%
440 Предприниматель 1955 - ... США Билл Гейтс
18%
73 Политик 1494 - 1566 Турция Сулейман Великолепный
17%
84 Писатель 1805 - 1875 Дания Ганс Кристиан Андерсен
17%
243 Киноактёр 1935 - 2024 Франция Ален Делон
17%
270 Писатель 1899 - 1961 США Эрнест Хемингуэй
17%
334 Писатель 1903 - 1950 Индия Джордж Оруэлл
17%
336 Учёный-философ 404 - 322 до н.э. Греция Диоген
17%
376 Писатель 1835 - 1910 США Марк Твен
17%
90 Учёный-химик 1822 - 1895 Франция Луи Пастер
16%
93 Политик 1924 - 2024 США Джимми Картер
16%
107 Композитор 1813 - 1901 Италия Джузеппе Верди
16%
130 Политик 1819 - 1901 Великобритания Виктория, королева Англии
16%
176 Художник 1863 - 1944 Норвегия Эдвард Мунк
16%
203 Политик 1937 - 2006 Ирак Саддам Хуссейн
16%
204 Политик 1890 - 1976 Великобритания Агата Кристи
16%
412 Политик 600 - 530 до н.э. Иран Кир Великий
16%
446 Исследователь 1387 - 1433 Китай Чжэн Хэ
16%
447 Политик 1859 - 1930 Великобритания Артур Конан Дойл
16%
35 Учёный-философ 1596 - 1650 Франция Рене Декарт
15%
56 Учёный-философ 980 - 1037 Узбекистан Ибн Сина
15%
71 Религиозный деятель 1011 - 931 до н.э. Израиль Соломон
15%
76 Художник 1606 - 1669 Нидерланды Рембрандт Харменс ван Рейн
15%
92 Писатель 1694 - 1778 Франция Вольтер
15%
461 Художник 1450 - 1516 Нидерланды Иеронимус Босх
15%
234 Религиозный деятель 904 - 850 до н.э. Израиль Илия
14%
266 Исследователь 1872 - 1928 Норвегия Руаль Амундсен
14%
284 Политик 1918 - 1989 Румыния Николае Чаушеску
14%
298 Композитор 1811 - 1886 Австрия Ференц Лист
14%
368 Учёный-философ 604 до н.э. - неизвестно Китай Лао-цзы
14%
391 Политик 1893 - 1946 Германия Герман Геринг
14%
22 Религиозный деятель 1813 - 1638 до н.э. Ирак Авраам
13%
86 Военачальник 1336 - 1405 Узбекистан Тимур
13%
114 Политик 106 - 43 до н.э. Италия Цицерон
13%
181 Писатель 1905 - 1980 Франция Жан-Поль Сартр
13%
183 Учёный-физик 1791 - 1867 Великобритания Майкл Фарадей
13%
269 Кинорежиссёр 1899 - 1980 Великобритания Альфред Хичкок
13%
296 Модель 1883 - 1971 Франция Коко Шанель
13%
344 Учёный-физик 1635 - 1703 Великобритания Роберт Гук
13%
358 Политик 12 до н.э. - 38 Италия Понтий Пилат
13%
392 Учёный-физик 1775 - 1836 Франция Андре-Мари Ампер
13%
487 Писатель 1927 - 2014 Колумбия Габриэль Гарсиа Маркес
13%
154 Знать 1303 - 1213 до н.э. Израиль Рамсес II
13%
77 Учёный-философ 1469 - 1527 Италия Никколо Макиавелли
12%
105 Писатель 497 - 406 до н.э. Греция Софокл
12%
108 Политик 247 - 183 до н.э. Тунис Ганнибал Барка
12%
167 Учёный-философ 1788 - 1860 Польша Артур Шопенгауэр
12%
192 Архитектор 1852 - 1926 Испания Антонио Гауди
12%
205 Художник 1445 - 1510 Италия Сандро Боттичелли
12%
214 Религиозный деятель 6 до н.э. - 70 Израиль Апостол Андрей
12%
291 Политик 1892 - 1975 Испания Франсиско Франко
12%
463 Композитор 1843 - 1907 Норвегия Эдвард Григ
12%
475 Композитор 1809 - 1847 Германия Феликс Мендельсон
12%
147 Политик 1254 - 1327 Турция Осман I
12%
324 Политик 1859 - 1941 Германия Вильгельм II Германский
12%
101 Политик 272 - 337 Сербия Константин Великий
11%
112 Изобретатель 1736 - 1819 Великобритания Джеймс Уатт
11%
124 Учёный-философ 1770 - 1831 Германия Георг Вильгельм Фридрих Гегель
11%
152 Знать 1755 - 1793 Австрия Мария-Антуанетта
11%
175 Писатель 1547 - 1616 Испания Мигель де Сервантес
11%
188 Политик 37 - 68 Италия Нерон
11%
190 Знать 1431 - 1476 Румыния Влад Цепеш
11%
194 Религиозный деятель 1712 - 1532 до н.э. Израиль Исаак
11%
196 Религиозный деятель 280 - 303 Турция Святой Георгий
11%
217 Писатель 1913 - 1960 Алжир Альбер Камю
11%
246 Политик 12 - 41 Италия Калигула
11%
264 Политик 1712 - 1786 Германия Фридрих Великий
11%
309 Политик 1900 - 1945 Германия Генрих Гиммлер
11%
359 Учёный-философ 1875 - 1961 Швейцария Карл Юнг
11%
436 Медик 1911 - 1979 Германия Йозеф Менгеле
11%
449 Киноактёр 1943 - ... США Роберт де Ниро
11%
356 Политик 1122 - 1190 Франция Фридрих I, император Священной Римской Империи
11%
88 Учёный-философ 1561 - 1626 Великобритания Фрэнсис Бэкон
10%
97 Учёный-астроном 1571 - 1630 Германия Иоганн Кеплер
10%
199 Оккультист 1503 - 1566 Франция Нострадамус
10%
200 Писатель 1622 - 1673 Франция Мольер
10%
215 Политик 121 - 180 Италия Марк Аврелий
10%
263 Писатель 1799 - 1850 Франция Оноре де Бальзак
10%
265 Художник 1599 - 1660 Испания Диего Веласкес
10%
301 Учёный-биолог 1881 - 1955 Великобритания Александр Флеминг
10%
302 Религиозный деятель 10 - 74 Израиль Апостол Матфей
10%
352 Писатель 1759 - 1805 Германия Фридрих Шиллер
10%
418 Художник 1866 - 1944 Россия Василий Кандинский
10%
274 Политик 1157 - 1199 Великобритания Ричард I Английский
10%
163 Политик 1452 - 1485 Великобритания Ричард III Английский
10%
319 Политик 1553 - 1610 Франция Генрих IV Французский
10%
122 Знать 1491 - 1547 Великобритания Генрих VIII Английский
10%
117 Религиозный деятель 628 - 551 до н.э. Иран Заратустра
9%
141 Знать 1400 - 1330 до н.э. Египет Нефертити
9%
149 Политик 258 - 210 до н.э. Китай Цинь Шихуанди
9%
156 Художник 1471 - 1528 Германия Альбрехт Дюрер
9%
209 Учёный-информатик 1912 - 1954 Великобритания Алан Тьюринг
9%
212 Религиозный деятель 30 до н.э. - 20 н.э. Израиль Святой Иосиф
9%
230 Учёный-математик 350 - 240 до н.э. Египет Евклид
9%
286 Композитор 1782 - 1840 Италия Никколо Паганини
9%
293 Учёный-философ 1632 - 1677 Нидерланды Бенедикт Спиноза
9%
294 Знать 1921 - 2021 Греция Филипп, герцог Эдинбургский
9%
300 Художник 1869 - 1954 Франция Анри Матисс
9%
311 Художник 1848 - 1903 Франция Поль Гоген
9%
315 Учёный-физик 1858 - 1947 Германия Макс Планк
9%
355 Писатель 1788 - 1824 Великобритания Лорд Байрон
9%
362 Писатель 448 - 386 до н.э. Греция Аристофан
9%
482 Политик 1950 - ... Индия Нарендра Моди
9%
295 Политик 1527 - 1598 Испания Филипп II Испанский
9%
401 Политик 382 - 336 до н.э. Греция Филипп II Македонский
9%
384 Политик 1268 - 1314 Франция Филипп IV Французский
9%
470 Религиозный деятель 1935 - ... Китай Далай-Лама XIV
9%
61 Изобретатель 1394 - 1468 Германия Иоганн Гутенберг
8%
94 Учёный-философ 354 - 430 Алжир Августин Гиппонский
8%
113 Политик 1810 - 1750 до н.э. Ирак Хаммурапи
8%
146 Художник 1632 - 1675 Нидерланды Ян Вермеер
8%
184 Художник 1571 - 1610 Италия Караваджо
8%
189 Писатель 43 - 17 до н.э. Италия Овидий
8%
191 Художник 1746 - 1828 Испания Франциско Гойя
8%
232 Учёный-физик 1845 - 1923 Германия Вильгельм Рентген
8%
332 Писатель 1854 - 1900 Ирландия Оскар Уайльд
8%
342 Киноактёр 1940 - ... США Аль Пачино
8%
348 Писатель 1713 - 1784 Франция Дени Дидро
8%
357 Писатель 1775 - 1817 Великобритания Джейн Остин
8%
366 Военачальник 1891 - 1944 Германия Эрвин Роммель
8%
375 Художник 1525 - 1569 Нидерланды Питер Брейгель старший
8%
390 Учёный-физик 1818 - 1889 Великобритания Джеймс Прескотт Джоуль
8%
395 Учёный-физик 1871 - 1937 Новая Зеландия Эрнест Резерфорд
8%
443 Скульптор 1840 - 1917 Франция Огюст Роден
8%
451 Политик 1449 - 1492 Италия Лоренцо де Медичи
8%
462 Учёный-философ 872 - 951 Афганистан Аль-Фараби
8%
489 Знать 1519 - 1589 Италия Екатерина Медичи
8%
492 Преступник 1899 - 1947 США Аль Капоне
8%
496 Учёный-математик 1826 - 1866 Германия Бернхард Риман
8%
80 Писатель 1892 - 1973 ЮАР Джон Рональд Руэл Толкин
6%
136 Учёный-астроном 100 - 170 Египет Птолемей
6%
137 Композитор 1732 - 1809 Австрия Йозеф Гайдн
6%
151 Художник 1577 - 1640 Германия Питер Пауль Рубенс
6%
161 Киноактёр 1946 - ... США Сильвестр Сталлоне
6%
180 Учёный-математик 1707 - 1783 Швейцария Леонард Эйлер
6%
216 Учёный-философ 4 до н.э. - 65 Испания Сенека Младший
6%
271 Политик 550 - 486 до н.э. Грузия Дарий Великий
6%
292 Композитор 1833 - 1897 Германия Иоганнес Брамс
6%
320 Исследователь 1485 - 1547 Испания Эрнан Кортес
6%
321 Писатель 525 - 456 до н.э. Греция Эсхил
6%
330 Кинорежиссёр 1942 - ... США Мартин Скорсезе
6%
338 Писатель 1871 - 1922 Франция Марсель Пруст
6%
354 Киноактёр 1933 - 2021 Франция Жан-Поль Бельмондо
6%
389 Политик 73 до н.э. - 3 Израиль Ирод Великий
6%
414 Поп-музыкант 1946 - ... США Шерил Саркисян
6%
420 Медик 1843 - 1910 Германия Роберт Кох
6%
424 Учёный-философ 544 - 496 до н.э. Китай Сунь-цзы
6%
432 Учёный-философ 46 - 127 Греция Плутарх
6%
450 Композитор 1792 - 1868 Италия Джоаккино Россини
6%
459 Композитор 1882 - 1971 Россия Игорь Стравинский
6%
220 Политик 1590 - 1617 Турция Ахмед I
6%
144 Религиозный деятель 1920 - 2005 Польша Папа Римский Иоанн Павел II
6%
428 Религиозный деятель 1912 - 1978 Италия Папа Римский Иоанн Павел II
6%
83 Учёный-математик 1777 - 1855 Германия Карл Фридрих Гаусс
5%
95 Учёный-биолог 1707 - 1778 Швеция Карл Линней
5%
98 Учёный-философ 1225 - 1274 Италия Фома Аквинский
5%
134 Учёный-философ 1689 - 1755 Франция Шарль Луи де Монтескьё
5%
140 Религиозный деятель 1653 - 1506 до н.э. неизвестно Иаков
5%
143 Учёный-математик 1646 - 1716 Германия Готфрид Вильгельм Лейбниц
5%
150 Писатель 620 - 564 до н.э. Болгария Эзоп
5%
166 Политик 585 - 644 Саудовская Аравия Умар
5%
222 Исследователь 1450 - 1500 Португалия Бартоломеу Диаш
5%
236 Политик 1432 - 1481 Турция Мехмед Завоеватель
5%
267 Философ 535 - 470 до н.э. Турция Гераклит
5%
310 Учёный-физик 1743 - 1794 Франция Антуан Лавуазье
5%
339 Общественный деятель 1369 - 1415 Чехия Ян Гус
5%
343 Писатель 1877 - 1962 Германия Герман Гессе
5%
351 Военачальник 109 - 71 до н.э. Греция Спартак
5%
377 Общественный деятель 1871 - 1919 Польша Роза Люксембург
5%
419 Религиозный деятель 1 - 44 Израиль Иаков, сын Заведея
5%
460 Художник 1760 - 1849 Япония Кацусика Хокусай
5%
478 Учёный-физик 1831 - 1879 Великобритания Джеймс Клерк Максвелл
5%
159 Политик 482 - 565 Северная Македония Юстиниан I
5%
364 Политик 1566 - 1603 Турция Мехмед III
5%
397 Религиозный деятель 1927 - 2022 Германия Папа Римский Бенедикт XVI
5%
87 Политик 1138 - 1193 Ирак Саладин
4%
96 Учёный-философ 623 - 546 до н.э. Турция Фалес Милетский
4%
119 Учёный-социолог 1864 - 1920 Германия Макс Вебер
4%
121 Политик 406 - 453 неизвестно Аттила
4%
127 Писатель 70 - 19 до н.э. Италия Вергилий
4%
165 Учёный-философ 460 - 360 до н.э. Греция Демокрит
4%
174 Композитор 1685 - 1759 Германия Георг Фридрих Гендель
4%
182 Политик 494 - 429 до н.э. Греция Перикл
4%
218 Писатель 1900 - 1944 Франция Антуан де Сент-Экзюпери
4%
221 Учёный-математик 1048 - 1131 Иран Омар Хайям
4%
235 Религиозный деятель 1509 - 1564 Франция Джон Кальвин
4%
248 Писатель 1313 - 1375 Италия Джованни Боккаччо
4%
299 Художник 1839 - 1906 Франция Поль Сезанн
4%
314 Поп-музыкант 1915 - 1963 Франция Эдит Пиаф
4%
317 Композитор 1858 - 1924 Италия Джакомо Пуччини
4%
350 Композитор 1810 - 1856 Германия Роберт Шуман
4%
365 Писатель 480 - 406 до н.э. Греция Еврипид
4%
374 Художник 1862 - 1918 Австрия Густав Климт
4%
379 Религиозный деятель 850 - 810 до н.э. Израиль Иона
4%
380 Религиозный деятель 1 - 36 Израиль Святой Стефан
4%
394 Политик 1929 - 2004 Египет Ясир Арафат
4%
453 Писатель 1896 - 1940 США Фрэнсис Скотт Фицджеральд
4%
476 Политик 83 - 30 до н.э. Италия Марк Антоний
4%
172 Политик 1830 - 1916 Австрия Франц Иосиф I Австрийский
4%
281 Политик 1470 - 1520 Турция Селим I
4%
498 Религиозный деятель 540 - 604 Италия Папа Римский Григорий I
4%
171 Политик 1524 - 1574 Турция Селим II
4%
155 Учёный-математик 780 - 850 Узбекистан Мухаммад ибн-Муса аль-Хорезми
3%
162 Учёный-философ 1588 - 1679 Великобритания Томас Гоббс
3%
173 Политик 1400 - 1336 до н.э. Египет Эхнатон
3%
178 Учёный-географ 276 - 194 до н.э. Ливия Эратосфен
3%
227 Писатель 1304 - 1374 Италия Петрарка
3%
250 Учёный-физик 1745 - 1827 Италия Алессандро Вольта
3%
260 Архитектор 1887 - 1965 Швейцария Ле Корбюзье
3%
290 Религиозный деятель 573 - 634 Саудовская Аравия Абу Бакр
3%
297 Писатель 65 - 8 до н.э. Италия Гораций
3%
313 Учёный-философ 129 - 215 Турция Гален
3%
318 Политик 1807 - 1882 Франция Джузеппе Гарибальди
3%
328 Политик 574 - 656 Саудовская Аравия Усман
3%
335 Учёный-философ 1058 - 1111 Иран Аль-Газали
3%
341 Медик 1493 - 1541 Швейцария Парацельс
3%
457 Писатель 1840 - 1902 Франция Эмиль Золя
3%
467 Киноактёр 1937 - ... Великобритания Энтони Хопкинс
3%
469 Медик 1749 - 1823 Великобритания Эдвард Дженнер
3%
471 Архитектор 1598 - 1680 Италия Джованни Лоренцо Бернини
3%
472 Учёный-географ 1769 - 1859 Германия Александр фон Гумбольдт
3%
393 Политик 1451 - 1504 Испания Изабелла I Кастильская
3%
433 Политик 1354 - 1403 Турция Баязид I
3%
208 Политик 630 - 562 до н.э. Ирак Навуходоносор II
3%
490 Политик 1447 - 1512 Греция Баязид II
3%
445 Политик 1403 - 1350 до н.э. Египет Аменхотеп III
3%
133 Политик 161 - 192 Италия Коммод
2%
186 Политик 1717 - 1780 Австрия Мария Терезия
2%
187 Политик 1822 - 1885 США Улисс Грант
2%
240 Политик 1923 - 2023 Германия Генри Киссинджер
2%
279 Политик 273 - 232 до н.э. Индия Ашока
2%
323 Религиозный деятель 1118 - 1078 до н.э. Израиль Самсон
2%
346 Художник 1488 - 1576 Италия Тициан
2%
349 Композитор 1860 - 1911 Чехия Густав Малер
2%
370 Учёный-философ 1711 - 1776 Великобритания Дэвид Хьюм
2%
371 Учёный-философ 1813 - 1855 Дания Сёрен Кьеркегор
2%
372 Учёный-географ 64 до н.э. - 23 Греция Страбон
2%
381 Писатель 1908 - 1986 Франция Симона де Бовуар
2%
383 Учёный-философ 486 - 420 до н.э. Греция Протагор
2%
385 Политик 76 - 138 Испания Адриан
2%
396 Политик 715 - 768 Бельгия Пепин Короткий
2%
403 Политик 1507 - 1458 до н.э. Египет Хатшепсут
2%
404 Политик 42 до н.э. - 37 Италия Тиберий
2%
434 Композитор 1841 - 1904 Чехия Антонин Дворжак
2%
441 Художник 1541 - 1614 Греция Эль Греко
2%
454 Учёный-философ 1533 - 1592 Франция Мишель де Монтень
2%
458 Учёный-историк 460 - 397 до н.э. Греция Фукидид
2%
473 Учёный-философ 1889 - 1951 Австрия Людвиг Витгенштейн
2%
479 Религиозный деятель 10 до н.э. - 100 Израиль Мария Магдалина
2%
480 Скульптор 490 - 430 до н.э. Греция Фидий
2%
483 Киноактёр 1934 - ... Франция Брижит Бардо
2%
491 Киноактёр 1930 - 2020 США Шон Коннери
2%
493 Учёный-математик 973 - 1048 Узбекистан Аль-Бируни
2%
422 Политик 1326 - 1389 Турция Мурад I
2%
464 Политик 519 - 475 до н.э. Иран Ксеркс I
2%
494 Знать 1940 - ... Дания Маргрете II
2%
272 Политик 1546 - 1595 Турция Мурад III
2%
325 Политик 1612 - 1640 Турция Мурад IV
2%
123 Знать 1502 - 1558 Украина Хюррем Султан
1%
179 Учёный-философ 341 - 269 до н.э. Греция Эпикур
1%
185 Знать неизвестно - 865 Норвегия Рангар Лодброк
1%
193 Религиозный деятель 1396 - 1274 до н.э. Иордания Аарон
1%
228 Учёный-философ 1466 - 1536 Нидерланды Эразм Роттердамский
1%
249 Писатель 1207 - 1273 Таджикистан Руми
1%
282 Политик 53 - 117 Испания Траян
1%
283 Медик 1820 - 1910 Италия Флоренс Найтингейл
1%
289 Политик 1590 - 1651 Греция Кёсем-султан
1%
326 Учёный-философ 1889 - 1976 Германия Мартин Хайдеггер
1%
327 Учёный-экономист 1883 - 1946 Великобритания Джон Мейнард Кейнс
1%
367 Учёный-химик 1766 - 1844 Великобритания Джон Далтон
1%
388 Художник 1798 - 1863 Франция Эжен Делакруа
1%
408 Политик 244 - 311 Хорватия Диоклетиан
1%
409 Религиозный деятель 238 - 304 Италия Луция Сиракузская
1%
415 Учёный-философ 1870 - 1952 Италия Мария Монтессори
1%
416 Политик неизвестно - 955 до н.э. Эфиопия Царица Савская
1%
435 Религиозный деятель 1355 - 1245 до н.э. Египет Иисус Навин
1%
448 Киноактёр 1929 - 1993 Бельгия Одри Хепбёрн
1%
452 Предприниматель 1863 - 1937 Франция Пьер де Кубертен
1%
465 Рок-музыкант 1943 - 1970 США Дженис Джоплин
1%
474 Военачальник 1906 - 1962 Германия Адольф Эйхман
1%
481 неизвестно 3345 - 3255 до н.э. Италия Эци
1%
484 Писатель 800 - 700 до н.э. Турция Гесиод
1%
485 Учёный-математик 1872 - 1970 Великобритания Бертран Рассел
1%
497 Учёный-астроном 1546 - 1601 Швеция Тихо Браге
1%
500 Религиозный деятель 2300 - 1945 неизвестно Иов
1%
340 Политик 340 - 395 Испания Феодосий I
1%
413 Политик 1591 - 1639 Турция Мустафа I
1%
177 Киноактёр 1929 - 1982 США Грейс Келли
0%
223 Политик 1782 - 1862 США Мартин ван Бюрен
0%
237 Учёный-философ 1798 - 1857 Франция Огюст Конт
0%
253 Политик 1795 - 1849 США Джеймс Нокс Полк
0%
254 Учёный-философ 1126 - 1198 Испания Аверроэс
0%
258 Политик 1899 - 1982 Китай Хуань Сяньфань
0%
259 Учёный-социолог 1858 - 1917 Франция Эмиль Дюркгейм
0%
285 Исследователь 1304 - 1368 Марокко Ибн Баттута
0%
288 Философ 501 - 470 до н.э. Италия Парменид
0%
303 Учёный-математик 350 - 415 Египет Ипатия
0%
306 Знать 1501 - 1536 Великобритания Анна Болейн
0%
322 Религиозный деятель 273 - 306 Ливан Святая Варвара
0%
333 Учёный-философ 610 - 546 до н.э. Турция Анаксимандр
0%
345 Военачальник 1891 - 1980 Германия Карл Дёниц
0%
360 Религиозный деятель 316 - 397 Венгрия Мартин Турский
0%
361 Учёный-физик 1777 - 1851 Дания Ханс Кристиан Эрстед
0%
363 Политик 1595 - 1917 США Покахонтас
0%
369 Оккультист 1931 - 1990 Индия Раджниш
0%
378 Учёный-психолог 1896 - 1980 Швейцария Жан Пиаже
0%
400 Учёный-историк 1332 - 1406 Тунис Ибн Халдун
0%
406 Писатель 630 - 570 до н.э. Греция Сапфо
0%
410 Военачальник 688 - 741 Бельгия Чарльз Мартель
0%
421 Религиозный деятель 1070 - 1012 до н.э. Израиль Самуил
0%
427 Художник 1872 - 1944 Нидерланды Пит Мондрайн
0%
429 Предприниматель 1905 - 1976 США Говард Хьюз
0%
431 Писатель 1848 - 1917 Франция Октав Мирбо
0%
439 Общественный деятель 1828 - 1910 Швейцария Генри Дюнан
0%
444 Религиозный деятель 1491 - 1556 Испания Игнатий де Лойола
0%
455 Религиозный деятель 185 - 254 Египет Ориген
0%
466 Политик 10 до н.э. - 54 Франция Клавдий
0%
477 Учёный-философ 1592 - 1670 Чехия Ян Амос Коменский
0%
486 Знать 604 - 632 Саудовская Аравия Фатима
0%
495 Знать 605 - 678 Саудовская Аравия Айша
0%
405 Политик 466 - 511 Бельгия Кловис I
0%
438 Политик 912 - 973 Германия Оттон I, император Священной Римской Империи
0%
No matching quizzes found
Score Distribution
Percent of People with Each Score
Percentile by Number Answered
Your Score History
You have not taken this quiz